| 000 | 00589nam a22001937a 4500 | ||
|---|---|---|---|
| 005 | 20141121122509.0 | ||
| 010 | _aENG-111115 | ||
| 020 |
_c150.00 _a9789351651772 |
||
| 035 | _aEN-94647 | ||
| 037 | _bDBAD/PUB | ||
| 082 | _aS | ||
| 100 | _aSoni,Krishna Murari | ||
| 245 |
_a(Eighty eight )88 pearls : _cby Krishna Murari Soni [and] Piyush Soni _ba collection of short stories / |
||
| 260 |
_aNew Delhi _bDiamond Books _c2014 |
||
| 270 |
_bNew Delhi _e110020 _aX-30, Okhla Industrial Area, Phase-II |
||
| 300 |
_a216p. _c22cm(pbk) |
||
| 700 | _aSoni, Piyush | ||
| 942 |
_2ddc _cEN _mSON _hS |
||
| 999 |
_c89774 _d89774 |
||